000
00351nam a2200133Ia 4500
008
230411s9999 xx 000 0 und d
041
_a
eng
082
_a
C/004/JAI/NEE/B06183
100
_a
Jain Pooja & Neelam Kumari
245
_a
PV Introduction to Computers
260
_b
S Vikas and Co
_a
Jalandhar
300
_a
368p
999
_c
156615
_d
156615